Province della Puglia per Popolazione - Statistics

Statistiche generali
  • Questo quiz è stato fatto 44 volte
  • Il punteggio medio è 6 su 6
Statistiche sulle risposte
Popolazione (ab.) Provincia o Città metropolitana % Corretto
1 248 489 Città metropolitana di Bari
100%
622 183 Provincia di Foggia
98%
795 134 Provincia di Lecce
98%
576 756 Provincia di Taranto
98%
390 011 Provincia di Barletta-Andria-Trani
93%
392 975 Provincia di Brindisi
93%
Nessun quiz corrispondente trovato
Distribuzione punteggi
Percentuale di utenti per punteggio
Percentile per numero di risposta
I tuoi punteggi nel tempo
Non hai fatto questo quiz